|
|
|
|
| LEADER |
00000nab a2200000 a 4500 |
| 001 |
vtls000199574 |
| 003 |
SK-MaSNL |
| 005 |
20260304061042.0 |
| 008 |
250422c1984 xo 0 slo |
| 015 |
|
|
|a SNBRB19rr/mm-uuuuu
|
| 035 |
|
|
|a CL0209687
|
| 035 |
|
|
|a urn:nbn:sk:snk-abanue
|
| 035 |
|
|
|a (urnnbn)urn:nbn:sk:snk:ar-a0a567
|
| 035 |
|
|
|a (uuid)fa5f7b28-3ccc-4baa-8781-64e99d5dd967
|
| 040 |
|
|
|a SNKBUCL
|b slo
|c SNKBUCL
|e AACR2
|
| 041 |
0 |
|
|a slo
|
| 044 |
|
|
|a xo
|c SK
|
| 080 |
|
|
|a 665.644.2
|2 1981
|
| 080 |
|
|
|a 665.658
|2 1981
|
| 100 |
1 |
|
|a Grzechowiak, J. R.
|4 aut
|9 1345052
|
| 245 |
1 |
0 |
|a Vplyv procesu hydrorafinácie na priebeh reakcie katalitického krakovania skupinových zložiek
|c J. R. Grzechowiak, A. Masalska ; M. Bieliková
|
| 300 |
|
|
|b Tb. 5., lit. 19 zázn. v ruš., angl., poľ.
|
| 650 |
0 |
7 |
|a krakovanie
|2 snkbucl
|9 119350
|
| 650 |
0 |
7 |
|a hydrorafinácia
|2 snkbucl
|9 745791
|
| 655 |
|
7 |
|a články z novín a časopisov
|2 snkbucl
|9 267496
|
| 700 |
1 |
|
|a Masalska, A.
|4 aut
|9 1113985
|
| 700 |
1 |
|
|a Bieliková, M.
|4 trl
|9 635289
|
| 773 |
0 |
|
|t Ropa a uhlie
|g Roč. 26, č. 9 (1984), s. 505-510
|
| 850 |
|
|
|a Slovenská národná knižnica
|
| 852 |
|
|
|a Slovenská národná knižnica
|
| 958 |
|
|
|a article14
|
| 958 |
|
|
|a OND
|
| 958 |
|
|
|a RK
|
| 958 |
|
|
|a NB
|
| 958 |
|
|
|a PL
|
| 958 |
|
|
|a EUIPO
|
| 992 |
|
|
|a RBX
|
| 999 |
|
|
|c 2731213
|d 2733143
|